000 00632nam a2200217Ii 4500
003 JO-AjNU
008 230606s9999||||xx |||||||||||||| ||und||
020 _a978-0-12-385048-5
040 _aJO-AjNU
_beng
_erda
_cJO-AjNU
041 _aeng
050 1 4 _aQA276.8.A88.2013
100 3 _aAster, Richard/Borchers,Brian,
_eauthor
_94769
245 0 0 _aparameter Estimation and Inpwrse Problems
250 _a2 ed
264 3 1 _aNewyork:Elsevier,2013
300 _a360p
336 _atext
_btxt
_2rdacontent
337 _aunmediated
_bn
_2rdamedia
338 _avolume
_bnc
_2rdacarrier
650 4 _a Groundwater -- Sampling. 
_94770
999 _aE2470
_c2468
_d2468